| 000 | 00622nam a22001817a 4500 | ||
|---|---|---|---|
| 003 | OSt | ||
| 005 | 20251202094043.0 | ||
| 008 | 251202b |||||||| |||| 00| 0 eng d | ||
| 040 |
_aDWC-Main lib. _cOC |
||
| 082 |
_2Silver ed. _aFil. 220 B311 2006 |
||
| 110 | _aJohn Paul I Biblical Center | ||
| 245 |
_aBasic Bible seminar Silver ed./ _cJohn Paul I Biblical Center |
||
| 260 |
_aVigan City : _bJohn Paul I Bilblical Center, Immaculate Concepcion School of Theology, _cc2006. |
||
| 300 |
_a153 p. : _billustrations ; _c23 cm. |
||
| 650 | _a1. Bible. | ||
| 760 | _bSilver ed. | ||
| 942 |
_2ddc _cBK - FIL _eSilver ed. _kFil. _n0 |
||
| 999 |
_c6695 _d6695 |
||